| 000 | 00405nam a2200157 i 4500 | ||
|---|---|---|---|
| 001 | bgj | ||
| 100 | 1 |
_aO'HARA, John _d(1905-1970). |
|
| 245 | 1 | 0 |
_aElizabeth Appleton / _ca novel by John O'Hara. |
| 260 |
_aNew York : _bBantam Books, _c1964. |
||
| 300 |
_a309 pp ; _c18 cm. |
||
| 650 | 9 | _aFiction in English | |
| 040 | _cBPK | ||
| 041 | 0 | _aeng | |
| 942 | _cKS | ||
| 008 | s uk f |000 0 eng | ||
| 999 |
_c48542 _d48542 |
||